LEADER 01132nam0 2200337 450 001 990000842020203316 035 $a0084202 035 $aUSA010084202 035 $a(ALEPH)000084202USA01 035 $a0084202 100 $a20010405d1960 |||||ita|0103 ba 101 $ager 102 $aDE 105 $a|||| ||||| 200 1 $aLuther und Lessing$fvon Walther von Loewenich 210 $aTubingen$cMohr$d1960. 215 $a35 p.$d23 cm 225 $aSammlung gemeinverstandlicher Vortrage und Schriften aus dem Gebiet der Theologie und Religionsgeschichte$v232. 410 1$12001$aSammlung gemeinverstandlicher Vortrage und Schriften aus dem Gebiet der Theologie und Religionsgeschichte$v232. 700 1$aLOEWENICH,$bWalther : von$0205555 801 0$aIT$bsalbc$gISBD 912 $a990000842020203316 951 $aIV MISC. 69/36$b99187 LM$cIV MISC 959 $aBK 969 $aUMA 979 $aPATTY$b90$c20020104$lUSA01$h1446 979 $aPATTY$b90$c20020104$lUSA01$h1447 979 $c20020403$lUSA01$h1729 979 $aPATRY$b90$c20040406$lUSA01$h1658 996 $aLuther und Lessing$9967964 997 $aUNISA LEADER 01739nam 2200493Ia 450 001 9910700820003321 005 20120305091144.0 035 $a(CKB)5470000002412820 035 $a(OCoLC)758369160 035 $a(EXLCZ)995470000002412820 100 $a20111024d2011 ua 0 101 0 $aeng 135 $aurcn||||||||| 181 $ctxt$2rdacontent 182 $cc$2rdamedia 183 $acr$2rdacarrier 200 00$a4D dynamic required navigation performance final report$b[electronic resource] /$fDaniel M. Finkelsztein ... [and others] 210 1$aHampton, Va. :$cNational Aeronautics and Space Administration, Langley Research Center,$d[2011] 215 $a1 online resource (187 pages) $cillustrations (some color) 225 1 $aNASA/CR ;$v2011-217051 300 $aTitle from title screen (viewed on Oct. 24, 2011). 300 $a"February 2011." 320 $aIncludes bibliographical references (page 185). 517 3 $aFour D dynamic required navigation performance final report 606 $aAir transportation$2nasat 606 $aMathematical models$2nasat 606 $aAircraft performance$2nasat 606 $aAircraft configurations$2nasat 606 $aArea navigation$2nasat 606 $aAvionics$2nasat 615 7$aAir transportation. 615 7$aMathematical models. 615 7$aAircraft performance. 615 7$aAircraft configurations. 615 7$aArea navigation. 615 7$aAvionics. 701 $aFinkelsztein$b Daniel M$01416394 712 02$aLangley Research Center. 801 0$bGPO 801 1$bGPO 906 $aBOOK 912 $a9910700820003321 996 $a4D dynamic required navigation performance final report$93521598 997 $aUNINA